000 01108nam0a22002651 4500
001 rc\4842076
005 20260407112442.0
021 _aRU
_b[57-14863]
035 _a(NLR Aleph) 008893783
090 _a8659094
_c8659094
100 _a20130426d1957 |||y0rusy50 ca
101 0 _arus
102 _aRU
105 _ay z |||||
200 1 _aТехническую книгу - молодежи
_e(Из опыта работы массовых библиотек г. Комсомольска-на-Амуре)
_e[Сборник статей
_fОбработала Т. Матвеева]
_gХабар. краев. б-ка. Метод. кабинет
210 _aХабаровск
_cБ. и.
_d1957
215 _a32 с.
_d21
606 _aБиблиотеки
_xРабота с технической литературой
_2psbo
702 1 _aМатвеева
_bТ.
_4570
712 0 2 _aХабаровская краевая научная библиотека
_3RU\NLR\AUTH\889941109
_9377067
801 0 _aRU
_bNLR
_gpsbo
801 1 _aRU
_bELAR
_2rusmarc
852 _aNLR
_jБ 8245/Т383
942 _cBOOK
980 _aNB